| 000 | 00397nam a2200121Ia 4500 | ||
|---|---|---|---|
| 008 | 220620s9999||||xx |||||||||||||| ||und|| | ||
| 100 | _aSelda Pelin Kartal||Dilek Bayramgürler | ||
| 245 | 0 | _aHot Topics in Burn Injuries | |
| 546 | _aEnglish[eng] | ||
| 650 | _aMedicine||Emergency Medicine||Health Sciences | ||
| 856 | _uhttps://www.intechopen.com/books/hot-topics-in-burn-injuries | ||
| 942 | _cEB | ||
| 999 |
_c29196 _d29196 |
||